000 00591nam a2200181Ia 4500
008 151202s9999||||xx |||||||||||||| ||und||
082 _bPNVM-55250
100 _aफडणीस शंकुतला.
245 _aढाल पाहिजे.
260 _b"श्री विद्या प्रकाशन, पुणे."
260 _c1991
300 _a117
600 _aफडणीस शंकुतला.
630 _aढाल पाहिजे.
700 _aफडणीस शंकुतला.
730 _aढाल पाहिजे.
942 _cBOOK
999 _c1321788
_d1321785